00378pab a2200145 454500008004000000100002100040245005000061260000900111300001400120362000800134650001300142650002000155700002400175773003300199180718b2003 xxu||||| |||| 00| 0 eng d aBarro, Robert J. aReligion and economic growth across countries c2003 ap.760-81. aOct aReligion aEconomic growth aMcCleary, Rachel M. aAmerican Sociological Review